Магнитная съемка Крыма, произведенная П.Т.Пасальским; Общество естествоиспытателей и врачей при Томском ун-те. Протоколы за 1908-1910 г.г.

Dades bibliogràfiques
Parent link:Общество естествоиспытателей и врачей при Томском ун-те. Протоколы за 1908-1910 г.г..— 1912.— С. 96
Autor principal: Дудецкий В. Д.
Idioma:rus
Publicat: 1912
Matèries:
Format: MixedMaterials Capítol de llibre
KOHA link:https://koha.lib.tpu.ru/cgi-bin/koha/opac-detail.pl?biblionumber=591652

MARC

LEADER 00000naa0a2200000 4500
001 591652
005 20250108124157.0
035 |a (RuTPU)RU\TPU\tpu\2153 
035 |a TPU00002153 
090 |a 591652 
100 |a 20011210d1912 k||y0rusy50 ca 
101 0 |a rus 
102 |a RU 
200 1 |a Магнитная съемка Крыма, произведенная П.Т.Пасальским  |f В. Д. Дудецкий 
463 |t Общество естествоиспытателей и врачей при Томском ун-те. Протоколы за 1908-1910 г.г.  |v С. 96  |d 1912 
610 1 |a геолого-географические науки 
610 1 |a труды учёных ТПУ 
700 1 |a Дудецкий  |b В. Д. 
801 0 |a RU  |b 63413507  |c 20011210  |g PSBO 
801 2 |a RU  |b 63413507  |c 20060420  |g PSBO 
942 |c BK